| 000 | 00465nam a22001697a 4500 | ||
|---|---|---|---|
| 005 | 20240321115550.0 | ||
| 008 | 160601b xxu||||| |||| 00| 0 eng d | ||
| 020 | _a81-203-0132-3 | ||
| 041 | _aeng | ||
| 082 | _b658.4032 | ||
| 100 |
_aWIEST, JEROME D. AND LEVY, FERDINAND K. _98421 |
||
| 245 | _aA MANAGEMENT GUIDE TO PERT/CPM WITH GERT/PDM/DCPM AND OTHER NETWORKS | ||
| 260 |
_aNew Delhi _bPHI, _c2004 |
||
| 300 | _a226;P | ||
| 650 | _aManagement | ||
| 942 | _cBK | ||
| 999 |
_c2289 _d2288 |
||